Ha visitado el servicio de documentación bibliotecaria casi la totalidad de los alumnos que cursan estudios bibliotecarios / Emiliano Pérez Frias (Record no. 69625)

MARC details
000 -CABECERA
campo de control de longitud fija 00749nam a2200217 a 4500
005 - FECHA Y HORA DE LA ÚLTIMA TRANSACCIÓN
campo de control 20210219153143.0
008 - ELEMENTOS DE LONGITUD FIJA--INFORMACIÓN GENERAL
campo de control de longitud fija 991125n 000 0 spa u
035 ## - NÚMERO DE CONTROL DEL SISTEMA
Número de control de sistema UPN01000080680
100 ## - ASIENTO PRINCIPAL--NOMBRE PERSONAL
Nombre de persona CABALEIRO, Benjamin
222 ## - TÍTULO CLAVE
Título clave EDUCACION Y BIBLIOTECA : REVISTA MENSUAL DE DOCUMENTACION Y RECURSOS DIDACTICOS
245 ## - MENCIÓN DE TÍTULO
Título Ha visitado el servicio de documentación bibliotecaria casi la totalidad de los alumnos que cursan estudios bibliotecarios / Emiliano Pérez Frias
300 ## - DESCRIPCIÓN FÍSICA
Extensión 44-47
362 ## - FECHAS DE PUBLICACIÓN Y/O DESIGNACIÓN SECUENCIAL
Fecha de publicación y/o designación secuencial 1996 Año 8, no. 68, may.
653 0# - TERMINO DE INDIZACION - NO CONTROLADO
Término no controlado BIBLIOGRAFIA
653 0# - TERMINO DE INDIZACION - NO CONTROLADO
Término no controlado BIBLIOTECAS ESPECIALIZADAS
653 0# - TERMINO DE INDIZACION - NO CONTROLADO
Término no controlado BIBLIOTECOLOGIA
653 0# - TERMINO DE INDIZACION - NO CONTROLADO
Término no controlado CENTROS DE DOCUMENTACION
653 0# - TERMINO DE INDIZACION - NO CONTROLADO
Término no controlado ESPAÑA
904 ## - ELEMENTOS DE DATOS D LOCAL, LDD (RLIN)
a AC
b 018491
905 ## - TIPO DE MATERIAL
Tipo de material Articulo

No items available.